Entwicklungsbanken.

Banky na podporu rozvoja ekonomiky ako forma investičných bánk pre krajiny tretieho sveta. Formy spolupráce Svetovej banky s bankami pre rozvoj. Štandard bánk pre rozvoj v oblasti meny a investičného úveru. Špecifikum východoeurópskych štátov a vzťahy západnej a východnej Európy. Nedostatok kapitálu...

Descripción completa

Guardado en:
Detalles Bibliográficos
Autor principal: Kohlhoff, H.
Formato: Capítulo de libro
Lenguaje:alemán
Materias:
Etiquetas: Agregar Etiqueta
Sin Etiquetas, Sea el primero en etiquetar este registro!

MARC

LEADER 00000naa a2200000 4500
001 r008981
005 20221208123434.1
041 0 |a ger 
044 |a DE 
245 1 0 |a Entwicklungsbanken.  |c H. Kohlhoff 
520 |a Banky na podporu rozvoja ekonomiky ako forma investičných bánk pre krajiny tretieho sveta. Formy spolupráce Svetovej banky s bankami pre rozvoj. Štandard bánk pre rozvoj v oblasti meny a investičného úveru. Špecifikum východoeurópskych štátov a vzťahy západnej a východnej Európy. Nedostatok kapitálu vo východnej Európe. Poľská banka pre rozvoj a jej úlohy. 
610 2 0 |a banky 
610 2 0 |a banky investičné 
610 2 0 |a krajiny rozvojové 
610 2 0 |a IBRD 
610 2 0 |a mena 
610 2 0 |a úver investičný 
610 2 0 |a Európa 
610 2 0 |a východná Európa 
100 1 |a Kohlhoff, H.